Guess the GD levels! - Statistics

General Stats
  • This quiz has been taken 2,641 times
  • The average score is 19 of 64
Answer Stats
Picture Answer % Correct
Bloodbath
97%
Sonic Wave
90%
Cataclysm
88%
Slaughterhouse
85%
Bloodlust
75%
Sakupen Hell
61%
Black Blizzard
59%
Aftermath
54%
Heartbeat
51%
Yatagarasu
50%
Quantum Processing
48%
Erebus
47%
Blade Of Justice
46%
Tartarus
45%
LIMBO
44%
Phobos
44%
Sakupen Circles
44%
Conical Depression
43%
xo
40%
Zodiac
39%
Acu
38%
Artificial Ascent
38%
Falling Up
38%
The Golden
36%
Astral Divinity/God Eater
35%
Silent Clubstep
35%
Acheron
33%
Red World Rebirth
29%
Low Death
27%
AcropoliX
26%
BuTiTi III
26%
Hypersonic
25%
The Ultimate Phase
24%
Digital Descent
21%
Down Bass
20%
Sonic Wave Infinity
19%
Subsonic
19%
Killbot
18%
The Yandere
17%
Dark Odyssey
15%
Firework
15%
The Lost Existence
14%
Allegiance
13%
Congregation
13%
A Bizarre Phantasm
12%
Athanatos
12%
Freedom08
12%
Idols
12%
Pumped Up Kicks
12%
Devil Vortex
11%
Panasonic
10%
The Hell Factory
10%
Crimson Planet
8%
Hatred
8%
Abyss Of Darkness
7%
Betrayal Of Fate
5%
Deception Dive
5%
Ouroboros
5%
Retention
4%
Cybernetic Crescent
3%
Elite Z Rebirth
1%
Glowy
1%
Infernal Abyss
1%
Quaoar
1%
No matching quizzes found
Score Distribution
Percent of People with Each Score
Percentile by Number Answered
Your Score History
You have not taken this quiz